[Event "10th EUR-ch (w)"]
[Site "Sankt Petersburg RUS"]
[Date "2009.03.16"]
[Round "8"]
[White "Kursova, Maria"]
[Black "Malgina, Tatiana"]
[Result "0-1"]
[WhiteElo "2268"]
[BlackElo "2342"]
[EventDate "2009.03.08"]
[PlyCount "118"]

1.d4 Nf6 2.Nf3 c5 3.d5 b5 4.Bg5 Ne4 5.Bh4 Bb7 6.e3 g6 7.c3 Qb6 8.a4 a6 9.
axb5 axb5 10.Rxa8 Bxa8 11.Qb3 Bg7 12.Na3 b4 13.Bd3 Nxc3 14.bxc3 Bxc3+ 15.
Ke2 Bxd5 16.Nc4 Qe6 17.Rc1 O-O 18.Rxc3 bxc3 19.Qxc3 Bxf3+ 20.gxf3 d5 21.
Nd2 c4 22.Bc2 Nd7 23.Bg3 Rc8 24.h4 f6 25.Kf1 Qb6 26.f4 Ra8 27.f5 Qa5 28.
Qd4 Qa1+ 29.Ke2 Qxd4 30.exd4 Ra2 31.Kd1 Ra1+ 32.Nb1 gxf5 33.Bxf5 Nf8 34.
Kd2 e6 35.Bc2 Kg7 36.Nc3 Rh1 37.Bd1 Ng6 38.Bf3 Ra1 39.Nb5 Rb1 40.Nc7 Rb6 
41.Bd1 Kf7 42.Bc2 f5 43.h5 Ne7 44.Ba4 Ng8 45.Kc2 Nf6 46.f3 Rb4 47.Bb5 Rb3 
48.Be1 Rxf3 49.Bd2 Rf2 50.Kd1 Rh2 51.h6 Ne4 52.Be8+ Kf6 53.Bf4 Rh4 54.Be5+
Ke7 55.Bg7 c3 56.Ba4 Rh1+ 57.Ke2 Rh2+ 58.Kd1 f4 59.Nb5 f3 0-1

[Event "10th EUR-ch (w)"]
[Site "Sankt Petersburg RUS"]
[Date "2009.03.16"]
[Round "8"]
[White "Gritsaeva, Oksana"]
[Black "Ilyushina, Olga"]
[Result "0-1"]
[WhiteElo "2341"]
[BlackElo "2269"]
[EventDate "2009.03.08"]
[PlyCount "132"]

1.Nf3 c5 2.c4 Nc6 3.d4 cxd4 4.Nxd4 Nf6 5.Nc3 e6 6.a3 Nxd4 7.Qxd4 b6 8.Bg5 
h6 9.Bxf6 Qxf6 10.Qxf6 gxf6 11.Nb5 Kd8 12.Rd1 Bb7 13.e3 Rg8 14.f3 f5 15.
Nd6 Bxd6 16.Rxd6 Bd5 17.c5 Kc7 18.b4 Rab8 19.Kf2 bxc5 20.Ra6 Rb7 21.Be2 
cxb4 22.axb4 Kb8 23.Rb1 Rc8 24.Rb2 Bc4 25.Bxc4 Rxc4 26.b5 Rb6 27.Ra5 Rc5 
28.Rba2 Rc7 29.R2a4 e5 30.Kg3 Rg6+ 31.Kh3 Rc2 32.g3 Rc7 33.b6 axb6 34.Rxe5
Rc5 35.Re7 b5 36.Rd4 Rb6 37.Rb4 Re6 38.Rxd7 Rxe3 39.Rf4 Re6 40.Rxf7 Rb6 
41.Rb4 Rc4 42.Rxc4 bxc4 43.Rxf5 Kc7 44.Ra5 Kd6 45.f4 c3 46.Ra1 Kd5 47.Kh4 
Ke4 48.Kh5 c2 49.Rc1 Rc6 50.h3 Kf5 51.h4 Ke4 52.Kg4 Rg6+ 53.Kh3 Kd3 54.g4 
Kd2 55.Rxc2+ Kxc2 56.g5 Kd3 57.Kg4 Ke4 58.f5 Rg8 59.f6 hxg5 60.f7 Rf8 61.
Kxg5 Rxf7 62.h5 Ke5 63.h6 Ke6 64.Kg6 Rf1 65.h7 Rg1+ 66.Kh6 Kf7 0-1

[Event "10th EUR-ch (w)"]
[Site "Sankt Petersburg RUS"]
[Date "2009.03.16"]
[Round "8"]
[White "Aginian, Nelly"]
[Black "Popova, Natalia"]
[Result "1-0"]
[WhiteElo "2335"]
[BlackElo "2266"]
[EventDate "2009.03.08"]
[PlyCount "159"]

1.e4 c5 2.Nf3 Nc6 3.d4 cxd4 4.Nxd4 Nf6 5.Nc3 e5 6.Ndb5 d6 7.Bg5 a6 8.Na3 
b5 9.Nd5 Be7 10.Bxf6 Bxf6 11.c3 Ne7 12.Nxf6+ gxf6 13.Bd3 Bb7 14.Qe2 f5 15.
exf5 Nd5 16.Qf3 Nf4 17.Bxb5+ axb5 18.Qxb7 O-O 19.Qf3 b4 20.cxb4 Qb6 21.O-O
Qxb4 22.Rab1 Rac8 23.Rfd1 Kh8 24.g3 Nh3+ 25.Kg2 Ng5 26.Qe3 Rg8 27.f3 f6 
28.h4 Nf7 29.Kh3 Rc7 30.Rd2 Nd8 31.Rbd1 Rcg7 32.Rg1 Nc6 33.Nb1 Nd4 34.Qd3 
Qc5 35.Rgg2 Qd5 36.Nc3 Qxf3 37.Qxf3 Nxf3 38.Rdf2 Ne1 39.Rg1 Nd3 40.Rd2 
Nf4+ 41.Kh2 Rg4 42.Rxd6 Nh5 43.Rd3 Rb8 44.Rg2 Rgb4 45.b3 Rc8 46.Rgd2 Kg7 
47.Nd5 Re4 48.Re3 Rd4 49.Ree2 Rg4 50.Rd3 Rc1 51.Kh3 Rd4 52.Rxd4 exd4 53.
Rd2 Rf1 54.Kg4 Kh6 55.Rxd4 Rg1 56.Rd3 Rb1 57.a4 Ra1 58.Kh3 Ng7 59.g4 Ne8 
60.Re3 Rd1 61.Nc3 Rd2 62.Ne4 Rb2 63.Kg3 Kg7 64.a5 Nc7 65.Rd3 Rc2 66.Rd7+ 
Kf8 67.Nxf6 Na6 68.Nxh7+ Ke8 69.Nf6+ Kf8 70.Ra7 Nb4 71.g5 Rc6 72.Rb7 Nd3 
73.Ne4 Ne5 74.g6 Ra6 75.h5 Kg8 76.f6 Ra8 77.a6 Nc6 78.Rc7 Nd8 79.h6 Kh8 
80.Ng5 1-0

[Event "10th EUR-ch (w)"]
[Site "Sankt Petersburg RUS"]
[Date "2009.03.16"]
[Round "8"]
[White "Solovyova, Valentina"]
[Black "Makropoulou, Marina"]
[Result "1-0"]
[WhiteElo "2324"]
[BlackElo "2262"]
[EventDate "2009.03.08"]
[PlyCount "89"]

1.e4 e5 2.Nf3 Nc6 3.d4 exd4 4.Nxd4 Bc5 5.Be3 Qf6 6.c3 Nge7 7.g3 h5 8.h3 h4
9.g4 Ng6 10.Qd2 Nce5 11.Be2 Bxd4 12.cxd4 Nf3+ 13.Bxf3 Qxf3 14.Rh2 d5 15.e5
c5 16.Nc3 O-O 17.Qe2 Qxe2+ 18.Nxe2 cxd4 19.Bxd4 Re8 20.f4 f6 21.exf6 Nxf4 
22.Kd2 Nxe2 23.Rxe2 Rxe2+ 24.Kxe2 gxf6 25.Bxf6 Bd7 26.Bxh4 Re8+ 27.Kf3 d4 
28.Bf2 d3 29.Rd1 Bb5 30.Bxa7 Ra8 31.Bd4 Rxa2 32.h4 Ra8 33.h5 Re8 34.g5 
Bc6+ 35.Kg3 Bb5 36.g6 Re4 37.Bc3 Re3+ 38.Kf4 Rh3 39.Ra1 Ba6 40.Re1 Bb5 41.
Re5 Bc6 42.Ra5 b6 43.Re5 Rh2 44.Re6 Rf2+ 45.Kg5 1-0

[Event "10th EUR-ch (w)"]
[Site "Sankt Petersburg RUS"]
[Date "2009.03.16"]
[Round "8"]
[White "Akatova, Ekaterina"]
[Black "Paulet, Iozefina"]
[Result "1/2-1/2"]
[WhiteElo "2261"]
[BlackElo "2315"]
[EventDate "2009.03.08"]
[PlyCount "142"]

1.e4 c5 2.Nf3 d6 3.c3 Nf6 4.h3 Nc6 5.Bd3 g6 6.Bc2 Bg7 7.O-O O-O 8.d4 cxd4 
9.cxd4 Nb4 10.Bb3 d5 11.e5 Ne8 12.Be3 b6 13.Qd2 Nc6 14.Nc3 Nc7 15.Bh6 Na5 
16.Bxg7 Kxg7 17.Bc2 Ba6 18.Rfe1 Rc8 19.b3 Ne6 20.Nd1 Qd7 21.Ne3 h5 22.Bf5 
Rh8 23.Bxe6 Qxe6 24.Ng5 Qc6 25.Qb4 Rhe8 26.Rac1 Qd7 27.Rxc8 Bxc8 28.e6 
fxe6 29.g4 Qd6 30.Qxd6 exd6 31.Nxd5 hxg4 32.Nc7 Re7 33.Ncxe6+ Bxe6 34.
Nxe6+ Kf6 35.d5 gxh3 36.Re3 Rh7 37.Kh2 Nb7 38.b4 Rh4 39.a3 a5 40.f4 Kf5 
41.Re1 Rh8 42.Kg3 h2 43.Nd4+ Kf6 44.Rh1 g5 45.fxg5+ Kxg5 46.Nf3+ Kf5 47.
Nxh2 Ke4 48.Rd1 Rc8 49.Nf3 Rc3 50.Rd4+ Ke3 51.a4 Rb3 52.bxa5 bxa5 53.Rd1 
Nc5 54.Re1+ Kd3 55.Rd1+ Kc2 56.Rh1 Rd3 57.Kf4 Rxd5 58.Ke3 Rd3+ 59.Ke2 Kb3 
60.Rh4 Rd5 61.Nd2+ Ka3 62.Nc4+ Ka2 63.Nxa5 Re5+ 64.Kd1 Re4 65.Rxe4 Nxe4 
66.Kc2 Nc5 67.Nc4 d5 68.Ne3 d4 69.Nf5 d3+ 70.Kc3 Kb1 71.Kd2 Nxa4 1/2-1/2

[Event "10th EUR-ch (w)"]
[Site "Sankt Petersburg RUS"]
[Date "2009.03.16"]
[Round "8"]
[White "Ivakhinova, Inna"]
[Black "Girya, Olga"]
[Result "0-1"]
[WhiteElo "2225"]
[BlackElo "2315"]
[EventDate "2009.03.08"]
[PlyCount "76"]

1.e4 c5 2.Nf3 Nc6 3.d4 cxd4 4.Nxd4 e5 5.Nb5 d6 6.c4 Be7 7.N1c3 a6 8.Na3 
Be6 9.Nc2 Rc8 10.Nd5 Nf6 11.Bd3 O-O 12.O-O a5 13.b3 Nd7 14.Bb2 Nc5 15.Nce3
Bg5 16.Bc2 Rb8 17.Qe2 Bxe3 18.Nxe3 Qh4 19.Rad1 Rbd8 20.a3 Rd7 21.g3 Qd8 
22.Bc3 Nd4 23.Bxd4 exd4 24.Rxd4 Qb6 25.Nd5 Bxd5 26.exd5 g6 27.Qe3 Qd8 28.
Re1 Qf6 29.Qd2 Rdd8 30.b4 axb4 31.axb4 Nd7 32.Rf4 Qb2 33.Kg2 f5 34.Rd4 
Rde8 35.Rb1 Qa2 36.Rc1 Nf6 37.f3 Re7 38.Bb1 Re2+ 0-1

[Event "10th EUR-ch (w)"]
[Site "Sankt Petersburg RUS"]
[Date "2009.03.16"]
[Round "8"]
[White "Limontaite, Simona"]
[Black "Kharashuta, Ekaterina"]
[Result "0-1"]
[WhiteElo "2206"]
[BlackElo "2304"]
[EventDate "2009.03.08"]
[PlyCount "70"]

1.d4 d6 2.c4 e5 3.Nf3 e4 4.Ng5 f5 5.g3 Be7 6.Nh3 c6 7.Nc3 Nf6 8.Bg2 O-O 9.
Nf4 Na6 10.d5 Nc7 11.h4 c5 12.a4 Nd7 13.b3 Bf6 14.Qc2 Ne5 15.Bd2 Qe7 16.
Ra2 Na6 17.Nd1 Ng4 18.O-O Be5 19.Qc1 Bd7 20.f3 Nf6 21.Be1 Nb4 22.Bxb4 cxb4
23.e3 a5 24.Nf2 Rae8 25.Ne2 exf3 26.Bxf3 Qf7 27.Nd3 Qg6 28.Ndf4 Bxf4 29.
exf4 Ne4 30.Kh2 Nc5 31.Nd4 Qf6 32.Qd1 Re3 33.Rd2 Rfe8 34.Qb1 Rc3 35.Bd1 
Rxg3 0-1

[Event "10th EUR-ch (w)"]
[Site "Sankt Petersburg RUS"]
[Date "2009.03.16"]
[Round "8"]
[White "Kazimova, Narmin"]
[Black "Matveeva, Svetlana"]
[Result "1/2-1/2"]
[WhiteElo "2165"]
[BlackElo "2422"]
[EventDate "2009.03.08"]
[PlyCount "99"]

1.Nf3 Nf6 2.c4 g6 3.Nc3 Bg7 4.d4 O-O 5.g3 d6 6.Bg2 Nbd7 7.O-O e5 8.b3 Re8 
9.Qc2 c6 10.Rd1 Qe7 11.a4 exd4 12.Nxd4 a5 13.Ba3 Nc5 14.Rab1 Ng4 15.e4 Qf6
16.h3 Ne5 17.Nce2 h5 18.Bb2 Qe7 19.Qc3 Qf8 20.Qc2 Ned7 21.Re1 Na6 22.Rbd1 
Nb4 23.Qd2 Nc5 24.Nc1 Bd7 25.Bc3 Bh6 26.f4 Bg7 27.Nc2 Nxc2 28.Qxc2 f5 29.
Bxg7 Qxg7 30.exf5 Bxf5 31.Qd2 Qc7 32.Kh2 Rad8 33.Qd4 Bc2 34.Rxe8+ Rxe8 35.
Rd2 Bf5 36.Qf6 Re6 37.Qg5 Re1 38.g4 hxg4 39.hxg4 Ne4 40.Bxe4 Bxe4 41.Ne2 
d5 42.Ng3 Qb6 43.f5 Qg1+ 44.Kh3 Re3 45.Qd8+ Kf7 46.Qc7+ Kg8 47.Qd8+ Kf7 
48.Qc7+ Kg8 49.Qd8+ Kf7 50.Qc7+ 1/2-1/2

[Event "10th EUR-ch (w)"]
[Site "Sankt Petersburg RUS"]
[Date "2009.03.16"]
[Round "8"]
[White "Peng Zhaoqin"]
[Black "Wagener, Anna"]
[Result "1/2-1/2"]
[WhiteElo "2461"]
[BlackElo "2255"]
[EventDate "2009.03.08"]
[PlyCount "96"]

1.d4 f5 2.Nc3 d5 3.Bf4 Nf6 4.e3 e6 5.Nf3 Be7 6.Nb5 Na6 7.c4 O-O 8.Nc3 c5 
9.Qb3 Qa5 10.Be2 cxd4 11.exd4 Qb4 12.c5 Bxc5 13.O-O Qxb3 14.axb3 Be7 15.
Bxa6 bxa6 16.Rac1 Ne4 17.Ne5 g5 18.Nc6 Bd6 19.Bxd6 Nxd6 20.f3 Kf7 21.Na4 
Kf6 22.Nc5 Nb5 23.Kf2 Rf7 24.Ke3 Rc7 25.Nb4 Rb8 26.Nbxa6 Bxa6 27.Nxa6 Rxc1
28.Rxc1 Rb6 29.Nc5 Ke7 30.Na4 Rb7 31.Rc8 Nd6 32.Rc3 e5 33.Kd2 Nb5 34.Rc5 
Nxd4 35.Rxd5 Nxb3+ 36.Kc3 Ke6 37.Rd8 Ke7 38.Rg8 Kf6 39.Rf8+ Ke6 40.Re8+ 
Kf6 41.Rf8+ Kg6 42.Re8 Rb5 43.Kc4 Nd4 44.b4 Kf7 45.Rh8 Kg7 46.Re8 Kf7 47.
Rh8 Kg7 48.Re8 Kf7 1/2-1/2

[Event "10th EUR-ch (w)"]
[Site "Sankt Petersburg RUS"]
[Date "2009.03.16"]
[Round "8"]
[White "Arabidze, Meri"]
[Black "Gvetadze, Sopio"]
[Result "1-0"]
[WhiteElo "2246"]
[BlackElo "2377"]
[EventDate "2009.03.08"]
[PlyCount "119"]

1.d4 Nf6 2.c4 e6 3.Nf3 a6 4.Nc3 c5 5.d5 exd5 6.Nxd5 h6 7.g3 d6 8.Bg2 Nxd5 
9.cxd5 Be7 10.e4 Bf6 11.O-O O-O 12.Qc2 Bg4 13.Bf4 Qe7 14.Rfe1 Nd7 15.a4 
Bxf3 16.Bxf3 b5 17.axb5 axb5 18.Be2 c4 19.Be3 Qe5 20.Rxa8 Rxa8 21.b3 Ra3 
22.bxc4 Rc3 23.Qa2 Rxe3 24.fxe3 Qc3 25.Rf1 b4 26.Bf3 b3 27.Qa8+ Kh7 28.Qc8
Qxe3+ 29.Kg2 Ne5 30.Qf5+ Ng6 31.e5 Bxe5 32.Qxf7 Qd3 33.Bh5 Qe4+ 34.Qf3 
Qc2+ 35.Rf2 Qb1 36.Bg4 Ne7 37.Bf5+ Nxf5 38.Qxf5+ Qxf5 39.Rxf5 Bc3 40.Rf1 
Kg6 41.Kf3 Kf5 42.h3 Bd4 43.Ke2+ Ke4 44.Rf4+ Ke5 45.Kd3 b2 46.Rf1 Bf2 47.
g4 g5 48.Kc2 Bd4 49.Rf3 Ke4 50.Rb3 Kf4 51.Rxb2 Bxb2 52.Kxb2 Kg3 53.c5 dxc5
54.d6 Kxh3 55.d7 Kxg4 56.d8=Q h5 57.Kc3 h4 58.Kd2 h3 59.Ke2 h2 60.Qd5 1-0

[Event "10th EUR-ch (w)"]
[Site "Sankt Petersburg RUS"]
[Date "2009.03.16"]
[Round "8"]
[White "Zakurdyaeva, Irina"]
[Black "Lupik, Marina"]
[Result "0-1"]
[WhiteElo "2295"]
[BlackElo "2163"]
[EventDate "2009.03.08"]
[PlyCount "80"]

1.e4 c5 2.Nf3 d6 3.d4 cxd4 4.Nxd4 Nf6 5.Nc3 a6 6.Be2 e5 7.Nb3 Be7 8.O-O 
O-O 9.Re1 Nbd7 10.Be3 b5 11.a4 b4 12.Nd5 a5 13.Bc4 Bb7 14.f3 Nxd5 15.Bxd5 
Qc7 16.Bxb7 Qxb7 17.Qd3 Nf6 18.Bf2 Rfd8 19.Red1 d5 20.Qb5 Qxb5 21.axb5 a4 
22.Nd2 d4 23.Nc4 Nd7 24.b6 Rac8 25.b3 a3 26.Kf1 Bc5 27.Ke2 Bxb6 28.c3 bxc3
29.Rxa3 Bc5 30.Ra2 f6 31.f4 Rb8 32.fxe5 fxe5 33.Bg3 Rxb3 34.Bxe5 c2 35.
Rxc2 d3+ 36.Rxd3 Rxd3 37.Bc7 Nf6 38.Bxd8 Rxd8 39.Nd2 Bb4 40.e5 Re8 0-1

[Event "10th EUR-ch (w)"]
[Site "Sankt Petersburg RUS"]
[Date "2009.03.16"]
[Round "8"]
[White "Hairapetian, Anna"]
[Black "Stiazhkina, Olga"]
[Result "0-1"]
[WhiteElo "2177"]
[BlackElo "2280"]
[EventDate "2009.03.08"]
[PlyCount "64"]

1.d4 d5 2.Nf3 Nf6 3.g3 Bf5 4.Bg2 e6 5.O-O h6 6.b3 Be7 7.Bb2 O-O 8.c4 c6 9.
Nbd2 Nbd7 10.Re1 Ne4 11.a3 Re8 12.Ne5 Nxe5 13.dxe5 Nxd2 14.Qxd2 dxc4 15.
Qxd8 Rexd8 16.e4 Bg6 17.bxc4 Rd2 18.Rab1 Bc5 19.Rf1 Rc2 20.Bc1 b6 21.Be3 
Bxe3 22.fxe3 Rxc4 23.Rbd1 c5 24.Rd7 Rc3 25.Bf3 Rxe3 26.Kf2 Rxa3 27.g4 Rf8 
28.h4 f6 29.exf6 Rxf6 30.Ke2 Rf8 31.Bg2 Ra2+ 32.Rd2 Rxd2+ 0-1

[Event "10th EUR-ch (w)"]
[Site "Sankt Petersburg RUS"]
[Date "2009.03.16"]
[Round "8"]
[White "Balaian, Alina"]
[Black "Andriasian, Siranush"]
[Result "1/2-1/2"]
[WhiteElo "2037"]
[BlackElo "2262"]
[EventDate "2009.03.08"]
[PlyCount "113"]

1.e4 e5 2.d4 exd4 3.Qxd4 Nc6 4.Qe3 Nf6 5.Nc3 Bb4 6.Bd2 O-O 7.O-O-O Re8 8.
Qg3 Rxe4 9.a3 Bxc3 10.Bxc3 d5 11.f3 Re8 12.Qh4 d4 13.Bb5 Nd5 14.Qxd8 Rxd8 
15.Bxd4 Nxd4 16.Rxd4 c5 17.Rd2 Bf5 18.g4 Nc7 19.Be2 Rxd2 20.Kxd2 Bg6 21.
Nh3 Rd8+ 22.Kc1 f6 23.Nf4 Bf7 24.Bd3 g5 25.Ne2 Bd5 26.Rf1 c4 27.Be4 Bxe4 
28.fxe4 Re8 29.Ng3 Kf7 30.Rd1 Ke6 31.Nf5 Rc8 32.Rd6+ Ke5 33.Rd7 Na6 34.
Rxh7 Rc7 35.Rh8 Kxe4 36.Rf8 Rc6 37.h3 Kf4 38.Rf7 Nc5 39.Nd4 Rd6 40.Nb5 Rb6
41.Nxa7 Kg3 42.Rc7 Ne6 43.Rxc4 Kxh3 44.Nc8 Rc6 45.Rxc6 bxc6 46.Ne7 Kxg4 
47.Kd1 Kf3 48.Ke1 g4 49.Kf1 g3 50.Nf5 Kf4 51.Nh4 Kg4 52.Ng2 Kf3 53.a4 Nc5 
54.a5 Na6 55.Ne1+ Ke3 56.Kg2 Kd2 57.Nf3+ 1/2-1/2

[Event "10th EUR-ch (w)"]
[Site "Sankt Petersburg RUS"]
[Date "2009.03.16"]
[Round "8"]
[White "Makka, Ioulia"]
[Black "Tarasova, Viktoria"]
[Result "1-0"]
[WhiteElo "2203"]
[BlackElo "2257"]
[EventDate "2009.03.08"]
[PlyCount "75"]

1.e4 e5 2.Nf3 Nc6 3.Bb5 a6 4.Ba4 Nf6 5.d3 b5 6.Bb3 Be7 7.a4 Bb7 8.O-O O-O 
9.Re1 Re8 10.axb5 axb5 11.Rxa8 Bxa8 12.Nc3 b4 13.Nd5 Nxd5 14.Bxd5 Bf6 15.
Bd2 Qe7 16.Qa1 Qc5 17.Qa4 Be7 18.Ra1 Bb7 19.Qb3 Rf8 20.Be3 Qd6 21.Qc4 Bc8 
22.Bxf7+ Kh8 23.Ra8 Qf6 24.Bd5 Qg6 25.Bxc6 dxc6 26.Nxe5 Qh5 27.Nf3 Qg6 28.
Kf1 h5 29.Bc5 Bxc5 30.Qxc5 Kg8 31.Qxb4 Qh6 32.Qd2 Qf6 33.e5 Qe6 34.Qb4 Qf5
35.Qc4+ Kh8 36.Qxc6 Qf4 37.Qxc7 Qc1+ 38.Ke2 1-0

[Event "10th EUR-ch (w)"]
[Site "Sankt Petersburg RUS"]
[Date "2009.03.16"]
[Round "8"]
[White "Berzina, Ilze"]
[Black "Rozhko, Maria"]
[Result "1-0"]
[WhiteElo "2308"]
[BlackElo "2134"]
[EventDate "2009.03.08"]
[PlyCount "69"]

1.e4 e6 2.d4 d5 3.e5 c5 4.c3 Qb6 5.Nf3 Bd7 6.Be2 cxd4 7.cxd4 Bb5 8.Nc3 
Bxe2 9.Nxe2 Ne7 10.O-O Nd7 11.Nf4 Nc6 12.b3 Be7 13.Be3 O-O 14.h4 Rfc8 15.
g3 Qd8 16.Kg2 Rc7 17.Nh5 Rac8 18.Ng5 Qf8 19.Qg4 g6 20.Nf4 Nd8 21.h5 h6 22.
Ngxe6 Nxe6 23.Nxd5 Rc2 24.hxg6 Bg5 25.Bxg5 hxg5 26.Qh5 Qg7 27.Ne7+ Kf8 28.
Nxc8 Rxc8 29.gxf7 Nb6 30.Rad1 Nd5 31.Qg4 Qxf7 32.Rc1 Rd8 33.Rh1 Kg8 34.Rh6
Rf8 35.Qxe6 1-0

[Event "10th EUR-ch (w)"]
[Site "Sankt Petersburg RUS"]
[Date "2009.03.16"]
[Round "8"]
[White "Zainullina, Natalia"]
[Black "Bulmaga, Irina"]
[Result "1/2-1/2"]
[WhiteElo "2173"]
[BlackElo "2300"]
[EventDate "2009.03.08"]
[PlyCount "120"]

1.e4 c5 2.Nc3 e6 3.g3 d5 4.exd5 exd5 5.Bg2 Nf6 6.d3 d4 7.Ne4 Nxe4 8.Bxe4 
Be7 9.Ne2 Nd7 10.Bg2 O-O 11.O-O Nf6 12.h3 Qb6 13.Nf4 Bd7 14.Nh5 Bc6 15.
Nxf6+ Bxf6 16.b3 Rfe8 17.Bd2 Re5 18.f4 Re7 19.Bxc6 Qxc6 20.Qf3 Qxf3 21.
Rxf3 h5 22.Rff1 b5 23.a4 c4 24.axb5 cxd3 25.cxd3 Rb8 26.Kf2 Rxb5 27.Rfb1 
Reb7 28.Ke2 Re7+ 29.Kf2 Reb7 30.Ke2 Rxb3 31.Rxb3 Rxb3 32.Ra4 Rb2 33.Kd1 
Rb1+ 34.Bc1 Rb3 35.Ke2 Rc3 36.Bd2 Rc2 37.Kd1 Rb2 38.Kc1 Rb5 39.Kc2 Rc5+ 
40.Kd1 Rb5 41.Ke2 Rb1 42.g4 g6 43.gxh5 gxh5 44.Ra5 h4 45.Be1 Kg7 46.Rd5 
Rb2+ 47.Kf3 Rb3 48.Kg4 Rxd3 49.Bxh4 Bxh4 50.Kxh4 Kf6 51.Kg4 Ke6 52.Rd8 f5+
53.Kg5 Rxh3 54.Rxd4 Rg3+ 55.Kh5 Rg1 56.Ra4 Kd5 57.Rb4 Rg4 58.Ra4 Rg8 59.
Rb4 Kc5 60.Ra4 Kd5 1/2-1/2

[Event "10th EUR-ch (w)"]
[Site "Sankt Petersburg RUS"]
[Date "2009.03.16"]
[Round "8"]
[White "Cherednichenko, Elena"]
[Black "Komiagina, Maria"]
[Result "0-1"]
[WhiteElo "2161"]
[BlackElo "2283"]
[EventDate "2009.03.08"]
[PlyCount "148"]

1.d4 Nf6 2.Nf3 c5 3.e3 g6 4.dxc5 Qa5+ 5.Nbd2 Bg7 6.a3 Qxc5 7.b4 Qc7 8.Bb2 
O-O 9.Be2 b6 10.c4 Bb7 11.O-O a5 12.Qb3 d6 13.Nd4 Nbd7 14.Bf3 Bxf3 15.
N2xf3 Rfc8 16.Rfc1 axb4 17.Nb5 Nc5 18.Nxc7 Nxb3 19.Nxa8 Nxc1 20.Nxb6 Rb8 
21.Bxc1 Rxb6 22.Rb1 Rc6 23.Rxb4 Nd7 24.Nd4 Rc8 25.f4 d5 26.Rb7 Nc5 27.Rxe7
dxc4 28.Kf1 Nb3 29.Ne2 Nxc1 30.Nxc1 Bb2 31.Na2 Bxa3 32.Rb7 Bc5 33.Ke2 Re8 
34.Rc7 Bxe3 35.Rxc4 Bxf4+ 36.Kf3 Bxh2 37.g3 Bg1 38.Nb4 Kg7 39.Nd5 Re5 40.
Nf4 Bb6 41.Rc6 Re3+ 42.Kg2 Rb3 43.Nd5 Bd4 44.Nf4 Be5 45.Ne2 h5 46.Rc5 f6 
47.Ra5 Kh6 48.Ra4 Rd3 49.Rb4 Kg5 50.Ra4 Kf5 51.Rh4 Re3 52.Kf2 Rxe2+ 53.
Kxe2 Bxg3 54.Ra4 g5 55.Kf3 Be5 56.Rb4 g4+ 57.Kg2 h4 58.Ra4 h3+ 59.Kg1 Kg5 
60.Rb4 f5 61.Ra4 g3 62.Kh1 Bf4 63.Ra3 Kg4 64.Kg1 Bc1 65.Rc3 Bb2 66.Rd3 f4 
67.Kh1 Bc1 68.Rd8 g2+ 69.Kh2 Be3 70.Rd1 g1=R 71.Rxg1+ Bxg1+ 72.Kh1 h2 73.
Kg2 f3+ 74.Kh1 f2 0-1

[Event "10th EUR-ch (w)"]
[Site "Sankt Petersburg RUS"]
[Date "2009.03.16"]
[Round "8"]
[White "Kirillova, Varvara"]
[Black "Kuzevanova, Evgenia"]
[Result "1/2-1/2"]
[WhiteElo "2246"]
[BlackElo "2131"]
[EventDate "2009.03.08"]
[PlyCount "100"]

1.e4 e6 2.d3 d5 3.Nd2 Nf6 4.Ngf3 Nc6 5.Be2 dxe4 6.dxe4 Bc5 7.O-O e5 8.c3 
a5 9.Qc2 O-O 10.Nc4 Qe8 11.a4 h6 12.Ne3 Bxe3 13.Bxe3 b6 14.Nh4 Bb7 15.f3 
Qe6 16.Rad1 Rad8 17.Bb5 Ne7 18.Nf5 Nxf5 19.exf5 Qe7 20.Bc4 Nd5 21.Bxd5 
Rxd5 22.Rxd5 Bxd5 23.c4 Bc6 24.c5 b5 25.axb5 Bxb5 26.Re1 Rd8 27.Qc3 a4 28.
Bf2 f6 29.f4 e4 30.Qb4 Bc6 31.b3 axb3 32.Qxb3+ Qf7 33.Qxf7+ Kxf7 34.Be3 
Ra8 35.g4 Ra2 36.h4 Rc2 37.Ra1 Rb2 38.g5 Rb7 39.g6+ Ke7 40.h5 Rb3 41.Ra7 
Kd7 42.Bd2 e3 43.Ba5 Rb1+ 44.Kh2 Bb7 45.Kg3 Kc6 46.Kf3 Rb3 47.Ke2 Ra3 48.
Kf3 Rb3 49.Ke2 Ra3 50.Kf3 Rb3 1/2-1/2

[Event "10th EUR-ch (w)"]
[Site "Sankt Petersburg RUS"]
[Date "2009.03.16"]
[Round "8"]
[White "Mamedyarova, Turkan"]
[Black "Kushka, Alena"]
[Result "1/2-1/2"]
[WhiteElo "2245"]
[BlackElo "2124"]
[EventDate "2009.03.08"]
[PlyCount "83"]

1.d4 c5 2.d5 g6 3.e4 Bg7 4.Nf3 d6 5.Be2 Nf6 6.Nc3 O-O 7.O-O Bg4 8.h3 Bxf3 
9.Bxf3 Nbd7 10.Be2 Rb8 11.a4 a6 12.a5 Qc8 13.Qd3 Ne5 14.Qg3 Ne8 15.Bg5 f6 
16.Bc1 b5 17.axb6 Rxb6 18.h4 f5 19.Ra2 Ng4 20.exf5 gxf5 21.Bxg4 fxg4 22.
Qe3 Rf7 23.Ne4 h6 24.c3 Qf5 25.b4 Qxd5 26.Rd2 Qe5 27.bxc5 dxc5 28.Rd8 Rb8 
29.Rxb8 Qxb8 30.Nxc5 Qd6 31.Ne4 Qe5 32.Rd1 Nd6 33.Nxd6 exd6 34.Qxe5 dxe5 
35.Rd6 Rf6 36.Rxf6 Bxf6 37.h5 Bg7 38.Kf1 e4 39.Ke2 Bxc3 40.Bxh6 a5 41.Bc1 
Bd4 42.f3 1/2-1/2

[Event "10th EUR-ch (w)"]
[Site "Sankt Petersburg RUS"]
[Date "2009.03.16"]
[Round "8"]
[White "Yakovich, Yulia"]
[Black "Dolgova, Olga"]
[Result "1-0"]
[WhiteElo "2125"]
[BlackElo "2245"]
[EventDate "2009.03.08"]
[PlyCount "125"]

1.e4 c6 2.d4 d5 3.Nd2 g6 4.e5 Bg7 5.f4 h5 6.Bd3 Nh6 7.Ndf3 Nf5 8.Ne2 Qb6 
9.c3 Qc7 10.O-O c5 11.b3 cxd4 12.cxd4 Nc6 13.Qd2 Qb6 14.Bb1 Bd7 15.Ba3 Rc8
16.Bc5 Qc7 17.Rc1 b6 18.Ba3 Qb7 19.Nc3 Nd8 20.Bd3 Ne6 21.Ne2 Bh6 22.g3 
Neg7 23.h3 Nxg3 24.Nxg3 Bxh3 25.Bb5+ Kf8 26.Ng5 Bg4 27.Rxc8+ Qxc8 28.Rc1 
Qd8 29.Qc3 h4 30.Nf1 Bxg5 31.fxg5 Ne6 32.Ne3 Bf3 33.Qc8 Qxc8 34.Rxc8+ Kg7 
35.Rxh8 Kxh8 36.Bxe7 Nxd4 37.Bd3 Kg8 38.Kf2 Bh1 39.Bf1 Nc6 40.Bd6 d4 41.
Ng4 Nd8 42.Bg2 Bxg2 43.Kxg2 Ne6 44.Be7 d3 45.Kf2 Nd4 46.Bb4 Kg7 47.Bc3 Ne6
48.Bd2 Kf8 49.Kg2 Nd4 50.Nf2 h3+ 51.Kxh3 Nf3 52.Bf4 Ne1 53.Kg3 Ke7 54.Bd2 
Nc2 55.Nxd3 Ke6 56.Kf4 Nd4 57.Ke4 Nc6 58.Nf4+ Kd7 59.e6+ Ke7 60.Kd5 Nb8 
61.Bb4+ Ke8 62.e7 Na6 63.Bd6 1-0

[Event "10th EUR-ch (w)"]
[Site "Sankt Petersburg RUS"]
[Date "2009.03.16"]
[Round "8"]
[White "Huda, Maryana"]
[Black "Zykova, Antonina"]
[Result "1-0"]
[WhiteElo "2240"]
[BlackElo "2103"]
[EventDate "2009.03.08"]
[PlyCount "93"]

1.d4 Nf6 2.c4 d6 3.Nc3 Nbd7 4.Nf3 e5 5.g3 c6 6.Bg2 Be7 7.O-O O-O 8.Qc2 Re8
9.Rd1 Qc7 10.b3 Nf8 11.h3 Ng6 12.a4 a5 13.Ba3 h5 14.d5 cxd5 15.cxd5 Bd7 
16.Rac1 Qb6 17.Nd2 h4 18.Nc4 Qa6 19.g4 Bxa4 20.Nxa4 b5 21.Nab6 Rad8 22.e3 
bxc4 23.Nxc4 Rc8 24.Bf1 Qa7 25.Ra1 e4 26.Qd2 a4 27.bxa4 Red8 28.Qd4 Qxa4 
29.Bxd6 Qe8 30.Bxe7 Qxe7 31.d6 Qe6 32.Be2 Nd7 33.Qd5 Ngf8 34.Ra5 g6 35.Kg2
Qxd5 36.Raxd5 Ne6 37.Ne5 Ndc5 38.Rc1 Kg7 39.Nc4 Kf6 40.g5+ Nxg5 41.Nb6 Rb8
42.Rcxc5 Rxb6 43.Rxg5 Rdxd6 44.Rg4 Rd2 45.Bc4 g5 46.Rgxg5 Rbb2 47.Rcf5+ 
1-0

[Event "10th EUR-ch (w)"]
[Site "Sankt Petersburg RUS"]
[Date "2009.03.16"]
[Round "8"]
[White "Della-Rossa, Anastasia"]
[Black "Eidelson, Rakhil"]
[Result "0-1"]
[WhiteElo "1868"]
[BlackElo "2225"]
[EventDate "2009.03.08"]
[PlyCount "80"]

1.e4 c5 2.Nc3 a6 3.a4 b6 4.Bc4 Bb7 5.d3 e6 6.Nf3 d6 7.O-O Nf6 8.Re1 Nc6 9.
d4 cxd4 10.Nxd4 Nxd4 11.Qxd4 Ng4 12.h3 Ne5 13.Bb3 Nc6 14.Qd3 Be7 15.Bf4 
O-O 16.Rad1 Ne5 17.Qd4 Qc7 18.Be3 Nd7 19.Ba2 Rad8 20.Qd2 Nc5 21.Bf4 Qc6 
22.Ra1 Bf6 23.Bg5 Bxg5 24.Qxg5 Kh8 25.Bc4 Nd7 26.Bd3 Ne5 27.Ne2 Qc5 28.Qd2
d5 29.b4 Qd6 30.exd5 Qxd5 31.Nf4 Qxg2+ 32.Nxg2 Nf3+ 33.Kh1 Nxd2 34.Re3 Rd4
35.c3 Rd6 36.Kh2 Rfd8 37.Ne1 f5 38.Ra2 f4 39.Rxd2 fxe3 40.fxe3 Be4 0-1

[Event "10th EUR-ch (w)"]
[Site "Sankt Petersburg RUS"]
[Date "2009.03.16"]
[Round "8"]
[White "Stiazhkina, Anna"]
[Black "Bogumil, Tatiana"]
[Result "1-0"]
[WhiteElo "1926"]
[BlackElo "2218"]
[EventDate "2009.03.08"]
[PlyCount "157"]

1.e4 e5 2.Nf3 d6 3.d4 exd4 4.Nxd4 Be7 5.Nc3 Nf6 6.Bd3 O-O 7.O-O a6 8.f4 b5
9.a3 c5 10.Nf3 Bb7 11.Re1 c4 12.Bf1 d5 13.e5 Bc5+ 14.Be3 Bxe3+ 15.Rxe3 Ng4
16.Re1 Qb6+ 17.Qd4 Qxd4+ 18.Nxd4 Nc6 19.Rad1 Nxd4 20.Rxd4 Nh6 21.Nxd5 Nf5 
22.Rdd1 Rad8 23.Nc3 Nd4 24.Rc1 g6 25.Ne2 Nf5 26.Kf2 h5 27.g3 Rd2 28.Red1 
Rfd8 29.Rxd2 Rxd2 30.Ke1 Rd8 31.Bh3 Ne3 32.Nc3 Kg7 33.Kf2 Ng4+ 34.Bxg4 
hxg4 35.Rd1 Rh8 36.Kg1 Bf3 37.Rd6 Ra8 38.Kf2 Rh8 39.Kg1 Ra8 40.Rd7 Kf8 41.
Kf2 Rb8 42.Na2 Be4 43.c3 a5 44.Ke3 Bb1 45.Nc1 b4 46.axb4 axb4 47.Kd4 bxc3 
48.Kxc3 Bf5 49.Rc7 Be6 50.Ne2 Rb3+ 51.Kc2 Bf5+ 52.Kc1 Bd3 53.Nc3 Rb8 54.
Nd5 Ra8 55.Nf6 Kg7 56.Nxg4 Ra1+ 57.Kd2 Bf5 58.Ne3 Be6 59.Nxc4 Rh1 60.Nd6 
Rxh2+ 61.Kc1 Bb3 62.Rb7 Rh1+ 63.Kd2 Be6 64.b4 Rg1 65.Nxf7 Kf8 66.Ng5 Bf5 
67.e6 Rg2+ 68.Ke1 Ke8 69.b5 Rxg3 70.b6 Bxe6 71.Kf2 Rg2+ 72.Ke3 Bd5 73.Rc7 
Rb2 74.Kd4 Bg2 75.Kc5 Rc2+ 76.Kd6 Rd2+ 77.Ke6 Re2+ 78.Kf6 Rb2 79.Ne6 1-0